000 00597cam a22001577a 4500
008 180718b1952- xxu||||| |||| 00| 0 eng d
082 _aA45:B136
100 _aIndia. Ministry of Rural Development
245 _aAnnual report
_cby Ministry of Rural Development
260 _aNew Delhi
_bThe author
_c1952-
500 _aLibrary has 1952/53-1969/70, 1975/76-1980/81, 1981/82 (H), 1982/83-1993/94, 1994/95 (H), 1995/96-2006/07, 2007/08 (H), 2009/10
650 _aWaste lands - India
650 _aRural development - India
650 _aPoverty - India
650 _aManpower policy, Rural - India
999 _c486301
_d486301